Cambio técnico y relaciones sociales de producción: los pequeños productores campesinos del Distrito de Pejibaye, Costa Rica /
में बचाया:
| मुख्य लेखक: | |
|---|---|
| अन्य लेखक: | , , , |
| स्वरूप: | पुस्तक |
| भाषा: | Spanish |
| टैग: |
टैग जोड़ें
कोई टैग नहीं, इस रिकॉर्ड को टैग करने वाले पहले व्यक्ति बनें!
|
MARC
| LEADER | 00000nam a22000007a 4500 | ||
|---|---|---|---|
| 003 | cru CIDCACS/IIS | ||
| 005 | 20171020141322.0 | ||
| 007 | ta | ||
| 008 | 171020t1986 cr |||||r|||| 00| 0 spa d | ||
| 999 | |c 40509 |d 40509 | ||
| 040 | |c cru CIDCACS/IIS | ||
| 100 | 1 | |9 5074 |a Chapman, James A. | |
| 245 | 1 | |a Cambio técnico y relaciones sociales de producción: |b los pequeños productores campesinos del Distrito de Pejibaye, Costa Rica / |c James A. Chapman, Enrique Martínez, Tania Ammour, Jorge Caro, María Cuvi | |
| 300 | |a páginas 177-250: |b tablas, gráficos, mapa | ||
| 700 | 1 | |9 5735 |a Martínez, Enrique | |
| 700 | 1 | |9 5737 |a Ammour, Tania | |
| 700 | 1 | |9 5738 |a Caro, Jorge | |
| 700 | 1 | |9 5740 |a Cuvi, María | |
| 773 | 0 | |0 40506 |9 1394 |a Piñeiro, Martín E. |d San José, Costa Rica: IICA, 1986 |o 17492 |t Transición tecnológica y diferenciación social en la agricultura latinoamericana / |z 9290391170 | |
| 942 | |2 ddc |c LI | ||



